000 00602cam a2200193 4500500
005 20260405003955.0
041 _afre
042 _adc
100 1 0 _aEnjalbert, Cédric
_eauthor
245 0 0 _a“La Distance” : les souvenirs de Mars de Tiago Rodrigues
260 _c2025.
500 _a14
690 _aMars
690 _aMémoire
690 _aThéâtre
690 _aTiago Rodrigues
786 0 _nPhilosophie magazine | 194 | 11 | 2025-11-01 | p. 156-156 | 1951-1787
856 4 1 _uhttps://shs.cairn.info/magazine-philosophie-magazine-2025-11-page-156?lang=fr&redirect-ssocas=7080
999 _c2072563
_d2072563